000
00316 a2200133 4500
000
nam a22 7a 4500
005
20260312110232.0
100
_a
Organtini, Giovanni
_9
1131763
245
_a
Modern on physics
260
_b
World Scientific
_c
2025
440
_a
Vol.2
_9
1131659
490
_a
Vol.2
942
_c
AUD
999
_c
1715184
_d
1715184